00293nam a22000977a 4500003000400000008004100004245005600045250004300101260002400144650002700168OSt201203b ||||| |||| 00| 0 eng d aSadhana Academy Proceedings in Engineering Sciences a2015(Feb Vol.40 No.1, Apr Vol.40 No.2) aBengalurubSpringer aMechanical Engineering